| 000 | 00521nam a2200193 a 4500 | ||
|---|---|---|---|
| 001 | 5543 | ||
| 003 | CO-ViMGA | ||
| 008 | 141112s2004 ck r 000 u spa d | ||
| 020 | _a9505083181 | ||
| 040 |
_aCO-ViMGA _bspa _cCO-ViMGA |
||
| 082 | 0 | 4 | _a342.066 A581dp |
| 100 | 1 |
_aAlvarez Juliá, Luis _93880 |
|
| 245 | 1 | 0 |
_aManual de derecho procesal / _cNeuss Germán R.J. , Wagner Horacio |
| 250 | _a2a | ||
| 260 |
_aBuenos Aires : _bAstrea, _c1992 |
||
| 300 | _a47 p | ||
| 650 | 1 | 4 |
_aDERECHO PROCESAL _93881 |
| 942 |
_2ddc _cBK |
||
| 999 |
_c17527 _d17527 |
||